Ành hưởng tiêu cực của tâm lý tiểu nông đối với cán bộ lãnh đạo, quản lý doanh nghiệp nhà nước
Saved in:
| Main Author: | |
|---|---|
| Format: | Book |
| Language: | Undetermined |
| Published: |
Hà Nội
Lý luận chính trị
2004
|
| Subjects: | |
| Tags: |
Add Tag
No Tags, Be the first to tag this record!
|
| Institutions: | Trung tâm Học liệu Trường Đại học Cần Thơ |
|---|
| LEADER | 00640nam a2200193Ia 4500 | ||
|---|---|---|---|
| 001 | CTU_104442 | ||
| 008 | 210402s9999 xx 000 0 und d | ||
| 020 | |c 11100 | ||
| 082 | |a 658.42 | ||
| 082 | |b X107 | ||
| 100 | |a Lê, Hữu Xanh | ||
| 245 | 0 | |a Ành hưởng tiêu cực của tâm lý tiểu nông đối với cán bộ lãnh đạo, quản lý doanh nghiệp nhà nước | |
| 245 | 0 | |c Lê Hữu Xanh | |
| 260 | |a Hà Nội | ||
| 260 | |b Lý luận chính trị | ||
| 260 | |c 2004 | ||
| 650 | |a Executives | ||
| 904 | |i Vương | ||
| 980 | |a Trung tâm Học liệu Trường Đại học Cần Thơ | ||